| 000 | 00710cam a2200229 4500 | ||
|---|---|---|---|
| 008 | 090401t1990 xxu||||| |||| 00| 0 eng d | ||
| 020 | _a0854064540 | ||
| 035 | _a(Sirsi) u50667 | ||
| 041 | _aeng | ||
| 050 | _a692.50285 | ||
| 090 | _aRICS 1990/25ABCD | ||
| 100 | _aBrandon, Peter | ||
| 245 | 4 | _aThe potential for expert systems within quantity surveying : an overview | |
| 260 |
_aLondon _bRoyal Institution of Chartered Surveyors _c1990 |
||
| 300 | _aviii,108p. ; 30cm. | ||
| 350 | _a15 | ||
| 520 | _aCollaborative study between University of Salford and University of Reading , funded by the RICS. | ||
| 700 | _aStafford, Bruce | ||
| 700 | _aAtkin, Brian | ||
| 942 | _n0 | ||
| 948 | _c04/03/1997 | ||
| 999 |
_c92734 _d92734 |
||